[Event "SR 5. liga SE-SI 2013/2014"]
[Site "?"]
[Date "2013.11.09"]
[Round "3.3"]
[White "Mraz, Jan"]
[Black "Steiner, Juraj"]
[Result "1-0"]
[WhiteElo "1000"]
[BlackElo "1000"]
[PlyCount "69"]
[EventDate "2013.??.??"]

1. d4 d5 2. c4 e6 3. Nc3 Nf6 4. Bg5 b6 5. Rc1 Ba6 6. e4 h6 7. Bxf6 Qxf6 8. e5
Qg6 9. Qa4+ c6 10. cxd5 exd5 11. Nxd5 Qe4+ 12. Ne3 Bb5 13. Bxb5 cxb5 14. Qxb5+
Kd8 15. Qd5+ Qxd5 16. Nxd5 Kd7 17. Nc7 Nc6 18. Nxa8 Nxd4 19. Ne2 Nf5 20. Rc7+
Kd8 21. Rxa7 Kc8 22. Nxb6+ Kb8 23. Rxf7 Bb4+ 24. Nc3 Nd4 25. O-O Bc5 26. Nd7+
Kc8 27. Nxc5 Re8 28. f4 g5 29. Rd1 Nc6 30. Rdd7 Kb8 31. Rb7+ Kc8 32. Rfc7+ Kd8
33. Rxc6 Rf8 34. Ra6 Kc8 35. Ra8# 1-0

[Event "SR 5. liga SE-SI 2013/2014"]
[Site "?"]
[Date "2013.11.09"]
[Round "3.4"]
[White "Wallner, Juraj"]
[Black "Pagac, Robert"]
[Result "0-1"]
[WhiteElo "1512"]
[BlackElo "1831"]
[PlyCount "44"]
[EventDate "2013.??.??"]

1. e4 e5 2. Nf3 Nc6 3. Bc4 Nf6 4. Nc3 Bc5 5. d3 h6 6. Be3 Bb6 7. d4 exd4 8.
Nxd4 O-O 9. Qd2 Ne5 10. Bb3 Ba5 11. f3 d6 12. h3 c5 13. Nf5 Bxf5 14. exf5 c4
15. f4 Bxc3 16. bxc3 Ne4 17. Qe2 Ng3 18. Qd1 Nxh1 19. fxe5 cxb3 20. Qf3 Qh4+
21. Bf2 Nxf2 22. Qxf2 Qxf2+ 0-1

[Event "SR 5. liga SE-SI 2013/2014"]
[Site "?"]
[Date "2013.11.09"]
[Round "3.4"]
[White "Bartos, Bohumil"]
[Black "Tomasovic, Roman"]
[Result "1/2-1/2"]
[WhiteElo "1507"]
[BlackElo "1337"]
[PlyCount "54"]
[EventDate "2013.??.??"]

1. d4 d5 2. c4 dxc4 3. e3 b5 4. a4 c6 5. axb5 cxb5 6. Nc3 a6 7. Nxb5 Bb7 8. Nc3
e6 9. Nf3 Nf6 10. Bxc4 Be7 11. O-O O-O 12. Qe2 Qc7 13. b3 Nc6 14. Bb2 Na5 15.
Rfc1 Nc6 16. Bxa6 Bxa6 17. Rxa6 Qb7 18. Rxa8 Rxa8 19. Nd2 Bb4 20. Qd1 Nd5 21.
Nxd5 exd5 22. Ra1 Rxa1 23. Bxa1 Bxd2 24. Qxd2 Qxb3 25. Qc1 h6 26. h3 Nb4 27.
Kh2 Nd3 1/2-1/2

[Event "SR 5. liga SE-SI 2013/2014"]
[Site "?"]
[Date "2013.11.09"]
[Round "3.4"]
[White "Tomasovic, Pavol"]
[Black "Danihel, Jozef"]
[Result "0-1"]
[WhiteElo "1302"]
[BlackElo "1553"]
[PlyCount "56"]
[EventDate "2013.??.??"]

1. e4 d5 2. exd5 Nf6 3. Nf3 Nxd5 4. d4 Bg4 5. Be2 e6 6. O-O Be7 7. Bd2 O-O 8.
Nc3 Nd7 9. Nxd5 exd5 10. Bf4 Nf6 11. Ne5 Bxe2 12. Qxe2 Bd6 13. Rfe1 Re8 14. Qf3
c5 15. c3 cxd4 16. cxd4 Qa5 17. a3 Re6 18. b4 Qb6 19. Red1 a5 20. bxa5 Rxa5 21.
Rab1 Qa6 22. Bd2 Rxa3 23. Bb4 Rxf3 24. Bxd6 Rc3 25. Bb4 Rc2 26. Bc5 h6 27. Rf1
b5 28. Nf3 Ree2 0-1

[Event "SR 5. liga SE-SI 2013/2014"]
[Site "?"]
[Date "2013.11.09"]
[Round "3.4"]
[White "Baumgartner, Milan"]
[Black "Nemeckay, Dominik"]
[Result "0-1"]
[WhiteElo "1508"]
[BlackElo "1415"]
[PlyCount "134"]
[EventDate "2013.??.??"]

1. a3 e5 2. e4 Nf6 3. Nc3 Bc5 4. Bc4 c6 5. h3 O-O 6. Nf3 d6 7. O-O Be6 8. Bxe6
fxe6 9. d3 Nbd7 10. Bg5 d5 11. Bxf6 Qxf6 12. Qd2 Qg6 13. Kh2 Rf6 14. Rae1 Raf8
15. Qe2 Qh6 16. Nb1 Qh5 17. Nbd2 Rh6 18. Nb3 Bd6 19. Na5 Bc7 20. b4 Rff6 21.
Nxb7 Rfg6 22. Ng1 Nf6 23. Qxh5 Nxh5 24. Nc5 Nf4 25. g3 Bd6 26. gxf4 exf4 27. f3
Rg3 28. Rf2 Rhg6 29. Nb3 Be5 30. Ree2 Rxg1 31. Rg2 R1xg2+ 32. Rxg2 Rxg2+ 33.
Kxg2 dxe4 34. fxe4 Bc3 35. Na5 c5 36. Nc6 cxb4 37. axb4 a6 38. d4 Kf7 39. Kf3
g5 40. h4 h6 41. hxg5 hxg5 42. Kg4 Kf6 43. d5 exd5 44. exd5 Kf7 45. Kf3 Ke8 46.
Ke4 Bd2 47. c4 g4 48. Ne5 Bxb4 49. Nxg4 Bd2 50. Kd3 Bc1 51. Ne5 Be3 52. Kc3 Kd8
53. Kb4 Bd2+ 54. Ka4 a5 55. Kb5 Bc3 56. Nf3 Kc7 57. c5 Kd7 58. Kc4 Bb2 59. Nd2
a4 60. c6+ Kd6 61. Ne4+ Kc7 62. Nc5 a3 63. Kb3 f3 64. Ne6+ Kd6 65. c7 Kd7 66.
d6 f2 67. Nc5+ Kc8 0-1

[Event "SR 5. liga SE-SI 2013/2014"]
[Site "?"]
[Date "2013.11.09"]
[Round "3.4"]
[White "Filipek, Norbert"]
[Black "Davidik, Miroslav"]
[Result "0-1"]
[WhiteElo "1291"]
[BlackElo "1440"]
[PlyCount "120"]
[EventDate "2013.??.??"]

1. e4 c6 2. Nf3 d5 3. exd5 cxd5 4. d4 Nc6 5. Nc3 h6 6. Bb5 Nf6 7. O-O a6 8. Bd3
Nb4 9. Bf4 Bg4 10. h3 Nxd3 11. Qxd3 Bxf3 12. Qxf3 e6 13. Rfe1 Bd6 14. Nxd5 Nxd5
15. Qxd5 Bxf4 16. Qxb7 O-O 17. Qe4 Bg5 18. Rad1 Bf6 19. b3 Qb6 20. d5 exd5 21.
Qxd5 Rad8 22. Qf3 Rxd1 23. Rxd1 Qa5 24. a4 Bc3 25. Qc6 Bd4 26. Qc4 Bf6 27. Rd6
Qe1+ 28. Qf1 Qc3 29. Qe2 a5 30. Qd2 Re8 31. Qxc3 Bxc3 32. Rd1 Re2 33. Rc1 Bb2
34. Rd1 Rxc2 35. Rd5 Rc1+ 36. Kh2 Bc3 37. Rc5 f6 38. Rc4 Be5+ 39. g3 Rxc4 40.
bxc4 Kf7 41. f4 Bd4 42. Kg2 Ke6 43. f5+ Kxf5 44. Kf3 g5 45. g4+ Ke5 46. Ke2 Kf4
47. Kd3 Bc5 48. Ke2 Ke4 49. Kd2 Kd4 50. Kc2 Kxc4 51. Kb2 Kb4 52. Ka2 Kxa4 53.
Kb2 Kb4 54. Kc2 a4 55. Kb2 a3+ 56. Ka2 Bd4 57. h4 gxh4 58. g5 hxg5 59. Kb1 Kb3
60. Kc1 a2 0-1

[Event "SR 5. liga SE-SI 2013/2014"]
[Site "?"]
[Date "2013.11.09"]
[Round "3.5"]
[White "Sobek, Michal"]
[Black "Simek, Adam"]
[Result "1-0"]
[WhiteElo "1230"]
[BlackElo "1000"]
[PlyCount "59"]
[EventDate "2013.??.??"]

1. e4 e5 2. Nf3 Qf6 3. Nc3 Bc5 4. Nd5 Qc6 5. Nxe5 Qd6 6. d4 Bb6 7. c4 Ba5+ 8.
Bd2 Bxd2+ 9. Qxd2 c5 10. dxc5 Qxc5 11. b4 Qd6 12. Qc3 f6 13. c5 Qxe5 14. Qxe5+
fxe5 15. Nc7+ Kd8 16. Nxa8 Nf6 17. Bd3 d5 18. cxd6 Nc6 19. a3 Nd4 20. Nc7 Bd7
21. O-O Ne8 22. Nxe8 Rxe8 23. f4 Bb5 24. Bxb5 Nxb5 25. fxe5 Rxe5 26. Rf8+ Kd7
27. Rf7+ Ke6 28. d7 Kxf7 29. d8=Q Rxe4 30. Qd5+ 1-0

[Event "SR 5. liga SE-SI 2013/2014"]
[Site "?"]
[Date "2013.11.09"]
[Round "3.5"]
[White "Klempa, Martin"]
[Black "Vozarova, Adriana"]
[Result "0-1"]
[WhiteElo "1000"]
[BlackElo "1172"]
[PlyCount "52"]
[EventDate "2013.??.??"]

1. e4 e5 2. Nf3 Nc6 3. Bb5 d6 4. Nc3 Nf6 5. d3 Bg4 6. Bg5 Be7 7. O-O O-O 8. Qe2
Nd4 9. Nxd4 Bxe2 10. Ncxe2 c5 11. Nb3 a6 12. Ba4 b5 13. Nc3 bxa4 14. Nxa4 h6
15. Be3 Ng4 16. Bd2 Bg5 17. Ba5 Qf6 18. c3 Nxf2 19. Rad1 Be3 20. Rde1 Qg5 21.
Rxe3 Qxe3 22. Rxf2 f5 23. exf5 Rxf5 24. h3 Rxf2 25. Bc7 Qf4 26. Bxd6 Rf1# 0-1

[Event "SR 5. liga SE-SI 2013/2014"]
[Site "?"]
[Date "2013.11.09"]
[Round "3.5"]
[White "Cerna, Lucia"]
[Black "Jankovic, Vit"]
[Result "1-0"]
[WhiteElo "1138"]
[BlackElo "1000"]
[PlyCount "57"]
[EventDate "2013.??.??"]

1. e4 e5 2. Nf3 Nc6 3. Bc4 Bc5 4. O-O d6 5. c3 Bb6 6. d4 Qf6 7. Be3 Qg6 8. Ng5
h6 9. Bxf7+ Qxf7 10. Nxf7 Kxf7 11. d5 Nce7 12. Bxb6 cxb6 13. f4 Ke8 14. fxe5
dxe5 15. Qh5+ Kd8 16. Qxe5 Nf6 17. Na3 Bd7 18. c4 Ng4 19. Qxg7 Rg8 20. Rf8+
Rxf8 21. Qxf8+ Be8 22. b4 Ng6 23. Qd6+ Kc8 24. Nb5 Bxb5 25. cxb5 N6e5 26. Rc1+
Nc6 27. dxc6 bxc6 28. Rxc6+ Kb7 29. Qc7# 1-0

[Event "SR 5. liga SE-SI 2013/2014"]
[Site "?"]
[Date "2013.11.09"]
[Round "3.5"]
[White "Kurthyova, Viktoria"]
[Black "Kratochvilova, Lenka"]
[Result "0-1"]
[WhiteElo "1000"]
[BlackElo "1000"]
[PlyCount "88"]
[EventDate "2013.??.??"]

1. d4 d5 2. Bg5 f6 3. Bf4 Nc6 4. Nc3 e6 5. Nf3 Bb4 6. e3 a6 7. Bd3 Nge7 8. O-O
O-O 9. Re1 e5 10. dxe5 fxe5 11. Nxe5 d4 12. exd4 Rxf4 13. Nxc6 bxc6 14. Qd2 Nd5
15. Nxd5 Bxd2 16. Re2 Rxd4 17. Rxd2 Rxd5 18. Re1 Rb8 19. Rde2 Rxb2 20. Re8+
Qxe8 21. Rxe8+ Kf7 22. Re4 Rb1+ 23. Bf1 Rxf1+ 24. Kxf1 Bf5 25. Ra4 Rd2 26. Rxa6
Bg4 27. f3 Bf5 28. Rxc6 Rxc2 29. Rxc2 Bxc2 30. Kf2 c6 31. Ke3 Ke6 32. Kd4 Kd6
33. Kc3 Ba4 34. Kb4 Bd1 35. a4 c5+ 36. Kb5 Be2+ 37. Kb6 c4 38. a5 c3 39. a6
Bxa6 40. Kxa6 c2 41. f4 c1=Q 42. g4 Qb1 43. f5 Kc6 44. g5 Qb6# 0-1

[Event "SR 5. liga SE-SI 2013/2014"]
[Site "?"]
[Date "2013.11.09"]
[Round "3.5"]
[White "Fajtakova, Silvia"]
[Black "Nesnadny, Tomas"]
[Result "0-1"]
[WhiteElo "1109"]
[BlackElo "1000"]
[PlyCount "80"]
[EventDate "2013.??.??"]

1. e4 e5 2. Nf3 Nc6 3. Nc3 Bc5 4. Nxe5 Nxe5 5. d4 Bxd4 6. Qxd4 d6 7. Bf4 Ng6 8.
Bg3 Nf6 9. Bc4 Be6 10. Bd3 c5 11. Qe3 Ne5 12. Bb5+ Bd7 13. Bc4 Be6 14. Bxe6
fxe6 15. O-O Nc4 16. Qe2 Nxb2 17. Qb5+ Qd7 18. Qxb2 O-O 19. Rad1 Qc6 20. Rxd6
Qe8 21. Rfd1 e5 22. Qb3+ Rf7 23. Rd7 Nxd7 24. Qd5 b6 25. Re1 Nf6 26. Bxe5 Nxd5
27. Nxd5 Qxe5 28. c4 Re8 29. f3 Re6 30. Rd1 Rh6 31. h3 Qb2 32. Re1 Qxa2 33. e5
Qxc4 34. Ne3 Qc3 35. Nd1 Qxe1+ 36. Kh2 Qxd1 37. g3 Rxf3 38. Kg2 Ra3 39. Kh2
Qd2+ 40. Kg1 Ra1# 0-1

[Event "SR 5. liga SE-SI 2013/2014"]
[Site "?"]
[Date "2013.11.30"]
[Round "4.1"]
[White "Planka, Peter"]
[Black "Klimesova, Lucia"]
[Result "1-0"]
[WhiteElo "1770"]
[BlackElo "1524"]
[PlyCount "43"]
[EventDate "2013.??.??"]

1. e4 e5 2. Nf3 Nc6 3. Bb5 d6 4. d4 exd4 5. Nxd4 Bd7 6. O-O Nxd4 7. Bxd7+ Qxd7
8. Qxd4 Nf6 9. Nc3 Be7 10. Re1 O-O 11. b3 b6 12. Bb2 Rad8 13. h3 Rfe8 14. Re3
c5 15. Qd3 Qc6 16. Nd5 Nxd5 17. exd5 Qd7 18. Rg3 f6 19. Re1 Kh8 20. Re4 Rg8 21.
Rh4 h6 22. Qg6 1-0

[Event "SR 5. liga SE-SI 2013/2014"]
[Site "?"]
[Date "2013.11.30"]
[Round "4.1"]
[White "Sobek, Michal"]
[Black "Bartos, Bohumil"]
[Result "0-1"]
[WhiteElo "1230"]
[BlackElo "1507"]
[PlyCount "84"]
[EventDate "2013.??.??"]

1. e4 c5 2. Nf3 Nc6 3. Nc3 d6 4. Bc4 Nf6 5. d3 e6 6. d4 cxd4 7. Nxd4 a6 8. a4
Bd7 9. O-O Be7 10. Be3 O-O 11. Qf3 Ne5 12. Qe2 Nxc4 13. Qxc4 Nxe4 14. Nxe4 d5
15. Qd3 dxe4 16. Qxe4 Bf6 17. Rad1 Qc7 18. Rd2 Bxa4 19. Nxe6 fxe6 20. Qxa4 Bxb2
21. Rd7 b5 22. Rxc7 bxa4 23. c3 a3 24. Bd4 Rf7 25. Rc4 a2 26. Rb4 a1=Q 27. Rxa1
Bxa1 28. Rb1 Bxc3 29. Bxc3 a5 30. Ra1 a4 31. g3 a3 32. Ra2 Rb7 33. Kg2 Kf7 34.
Kf1 Rb1+ 35. Ke2 Rb6 36. Kd3 g6 37. Kc4 Ke8 38. f4 Kd7 39. Be5 Kc6 40. Bd4 Rba6
41. Be5 Ra4+ 42. Kb3 Kd5 0-1

[Event "SR 5. liga SE-SI 2013/2014"]
[Site "?"]
[Date "2013.11.30"]
[Round "4.1"]
[White "Danihel, Jozef"]
[Black "Valigursky, Michal"]
[Result "1-0"]
[WhiteElo "1553"]
[BlackElo "1299"]
[PlyCount "75"]
[EventDate "2013.??.??"]

1. d4 d5 2. c4 e6 3. Nf3 Nc6 4. a3 Nf6 5. Bg5 Be7 6. e3 O-O 7. Bd3 h6 8. h4 Nh7
9. Qc2 Nxg5 10. hxg5 Bxg5 11. Nbd2 Bd7 12. Rh5 f6 13. Bh7+ Kh8 14. Bd3 Be8 15.
Rh2 Qe7 16. Ng1 f5 17. O-O-O a5 18. g3 Rb8 19. f4 Bf6 20. Ndf3 Na7 21. Ne2 b5
22. c5 b4 23. b3 bxa3 24. Nc3 Nb5 25. Bxb5 Bxb5 26. Rdh1 Rb7 27. g4 fxg4 28.
Qg6 Rf7 29. Ng5 Bxg5 30. fxg5 Kg8 31. Rxh6 Rf1+ 32. Rxf1 Bxf1 33. Qh7+ Kf8 34.
g6 Ke8 35. c6 Rxb3 36. Qg8+ Qf8 37. Qxe6+ Qe7 38. Rh8# 1-0

[Event "SR 5. liga SE-SI 2013/2014"]
[Site "?"]
[Date "2013.11.30"]
[Round "4.1"]
[White "Vozarova, Adriana"]
[Black "Baumgartner, Milan"]
[Result "0-1"]
[WhiteElo "1172"]
[BlackElo "1508"]
[PlyCount "118"]
[EventDate "2013.??.??"]

1. e4 e5 2. Nf3 Nc6 3. Nc3 Nf6 4. Bb5 a6 5. Ba4 Bc5 6. d3 h6 7. Be3 Bb4 8. O-O
Bxc3 9. bxc3 d6 10. d4 Nxe4 11. Qd3 Bf5 12. d5 b5 13. Bb3 Na5 14. Rad1 Ng3 15.
Qd2 Nxf1 16. Rxf1 O-O 17. Ne1 Qd7 18. f4 e4 19. Qf2 Rae8 20. Qg3 Re7 21. a3 Nc4
22. Bd4 f6 23. Bxc4 bxc4 24. Qe3 Qb5 25. Qc1 Qxd5 26. Kh1 c5 27. Be3 Qc6 28.
Rg1 Qd7 29. Qd1 Rc8 30. g4 Bh7 31. g5 fxg5 32. fxg5 hxg5 33. Bxg5 Rf7 34. Qh5
Rcf8 35. Bh6 Rf1 36. Qd5+ Kh8 37. Be3 Rxg1+ 38. Kxg1 Qf7 39. Qxf7 Rxf7 40. Ng2
Rf3 41. Bd2 d5 42. h4 d4 43. cxd4 cxd4 44. a4 e3 45. Bc1 Bxc2 46. Kh2 Rf1 47.
Bb2 c3 48. Ba3 Bxa4 49. Bc5 c2 50. Bxd4 c1=Q 51. Bxe3 Qc2 52. Kg3 Bc6 53. Nf4
Rf3+ 54. Kg4 Rxe3 55. h5 Re4 56. Kg5 Rxf4 57. Kxf4 Qe4+ 58. Kg5 Bd7 59. h6 Qg4#
0-1

[Event "SR 5. liga SE-SI 2013/2014"]
[Site "?"]
[Date "2013.11.30"]
[Round "4.1"]
[White "Davidik, Miroslav"]
[Black "Kratochvilova, Lenka"]
[Result "1-0"]
[WhiteElo "1440"]
[BlackElo "1000"]
[PlyCount "79"]
[EventDate "2013.??.??"]

1. e4 e5 2. f4 f6 3. fxe5 fxe5 4. Qh5+ g6 5. Qxe5+ Ne7 6. Qxh8 h6 7. Bc4 d5 8.
exd5 Nxd5 9. Qe5+ Qe7 10. Qxe7+ Nxe7 11. Nf3 Bg7 12. O-O Nbc6 13. Bb5 Bd7 14.
Bxc6 Bxc6 15. Re1 Kf8 16. c3 Re8 17. d4 Nf5 18. Rxe8+ Kxe8 19. Bf4 Bf6 20. Bxc7
Ne3 21. Nbd2 Bxf3 22. Nxf3 Kd7 23. Bf4 Nc2 24. Rc1 g5 25. Bd2 g4 26. Ne5+ Bxe5
27. dxe5 Ke6 28. Rxc2 Kxe5 29. Bxh6 Ke4 30. c4 Kd3 31. Rc3+ Kd4 32. c5 a5 33.
Kf2 b5 34. cxb6 Kd5 35. b7 a4 36. b8=Q a3 37. Qb5+ Kd4 38. Qc5+ Ke4 39. Rc4+
Kd3 40. Qd4# 1-0

[Event "SR 5. liga SE-SI 2013/2014"]
[Site "?"]
[Date "2013.11.30"]
[Round "4.2"]
[White "Sladek, Michal"]
[Black "Tomasovic, Roman"]
[Result "0-1"]
[WhiteElo "1241"]
[BlackElo "1337"]
[PlyCount "54"]
[EventDate "2013.??.??"]

1. e4 e5 2. Nf3 Nc6 3. Bc4 Bc5 4. d3 h6 5. Bd2 d6 6. h3 Nf6 7. Nc3 Na5 8. Bb5+
c6 9. Ba4 b5 10. Bb3 Nxb3 11. axb3 Bb7 12. O-O O-O 13. Ne2 Bb6 14. b4 Nh7 15.
Qc1 f5 16. Nc3 f4 17. b3 Rf6 18. Nh4 Bc8 19. Kh1 Be6 20. f3 Qd7 21. Kh2 Ng5 22.
Nf5 Kh7 23. h4 Bxf5 24. hxg5 hxg5 25. g4 Bxg4 26. Kg2 Bh3+ 27. Kh2 Rh6 0-1

[Event "SR 5. liga SE-SI 2013/2014"]
[Site "?"]
[Date "2013.11.30"]
[Round "4.2"]
[White "Tomasovic, Pavol"]
[Black "Cambal, Peter"]
[Result "0-1"]
[WhiteElo "1302"]
[BlackElo "1014"]
[PlyCount "92"]
[EventDate "2013.??.??"]

1. e4 c5 2. Nf3 d6 3. d4 cxd4 4. Nxd4 Nf6 5. Nc3 a6 6. Be2 e5 7. Nf3 h6 8. O-O
Be7 9. h3 O-O 10. Nh2 Be6 11. Ng4 Nbd7 12. f4 Qc7 13. Kh1 Rac8 14. f5 Bc4 15.
Bd3 b5 16. Qf3 Qa5 17. Qg3 b4 18. Ne2 Nxg4 19. Qxg4 b3 20. Bxc4 Rxc4 21. cxb3
Nf6 22. Qf3 Rxe4 23. Ng3 Re1 24. Qf2 Rxf1+ 25. Qxf1 Rd8 26. Qe2 Qb5 27. Qxb5
axb5 28. Bd2 d5 29. a4 Ra8 30. a5 d4 31. a6 Bc5 32. b4 Ba7 33. Kg1 d3+ 34. Kf1
e4 35. Bc3 Bb8 36. Bxf6 Bxg3 37. Bd4 Bd6 38. Bc5 Be5 39. Ra2 g6 40. g4 gxf5 41.
gxf5 Kg7 42. a7 Kf6 43. b3 Kxf5 44. Rf2+ Ke6 45. Ra2 f5 46. Kf2 Bc3 0-1

[Event "SR 5. liga SE-SI 2013/2014"]
[Site "?"]
[Date "2013.11.30"]
[Round "4.2"]
[White "Svrcek, Daniel"]
[Black "Filipek, Norbert"]
[Result "0-1"]
[WhiteElo "1000"]
[BlackElo "1291"]
[PlyCount "46"]
[EventDate "2013.??.??"]

1. e4 c5 2. Bc4 e6 3. Nf3 d6 4. Nc3 Be7 5. O-O Nc6 6. d3 Nf6 7. Be3 O-O 8. Qd2
d5 9. Bb5 d4 10. Bxc6 dxe3 11. Qxe3 bxc6 12. b3 e5 13. Nxe5 Ng4 14. Nxg4 Bxg4
15. Qf4 Be6 16. g3 Bg5 17. Qf3 Bf6 18. Ne2 Bxa1 19. Rxa1 Qf6 20. Rd1 Qxf3 21.
Re1 g5 22. Kf1 Bh3+ 23. Kg1 Qg2# 0-1

[Event "SR 5. liga SE-SI 2013/2014"]
[Site "?"]
[Date "2013.11.30"]
[Round "4.2"]
[White "Osadsky, Jan"]
[Black "Toman, Jan"]
[Result "1-0"]
[WhiteElo "1190"]
[BlackElo "1000"]
[PlyCount "117"]
[EventDate "2013.??.??"]

1. e4 e5 2. Nf3 Nc6 3. d4 exd4 4. Nxd4 Bc5 5. Nxc6 dxc6 6. Qxd8+ Kxd8 7. Bc4
Nf6 8. Nc3 Be6 9. Bxe6 fxe6 10. Bg5 h6 11. Be3 Bd6 12. O-O-O Ke7 13. Bd4 Rhf8
14. e5 Ng4 15. exd6+ cxd6 16. f3 Nf6 17. Rhe1 e5 18. f4 c5 19. Bf2 Ke6 20. fxe5
dxe5 21. Bxc5 Rfc8 22. Rd6+ Kf5 23. Rf1+ Kg6 24. Ne4 Rf8 25. Nxf6 gxf6 26. Rd7
Rf7 27. Re7 b6 28. Bd6 Rxe7 29. Bxe7 Re8 30. Bxf6 e4 31. Bd4 e3 32. Bc3 e2 33.
Rh1 Kf5 34. Kd2 Kf4 35. Re1 a5 36. Rxe2 Rxe2+ 37. Kxe2 a4 38. Bd2+ Kg4 39. Bxh6
Kh5 40. Be3 b5 41. g3 Kg4 42. h4 Kh5 43. Kd3 Kg4 44. b3 Kxg3 45. h5 Kg4 46. h6
Kf5 47. h7 Ke5 48. h8=Q+ Kd5 49. c4+ bxc4+ 50. bxc4+ Kc6 51. Qf6+ Kd7 52. Qf7+
Kc6 53. Qd5+ Kc7 54. Bf4+ Kb6 55. c5+ Kb5 56. a3 Ka5 57. Bc7+ Kb5 58. c6+ Ka6
59. Qa5# 1-0

[Event "SR 5. liga SE-SI 2013/2014"]
[Site "?"]
[Date "2013.11.30"]
[Round "4.2"]
[White "Toman, Jakub"]
[Black "Zemankova, Gabriela"]
[Result "0-1"]
[WhiteElo "1000"]
[BlackElo "1000"]
[PlyCount "98"]
[EventDate "2013.??.??"]

1. e4 e5 2. Nf3 Nc6 3. d4 exd4 4. Nxd4 Ne5 5. Be3 Nf6 6. Bb5 Nxe4 7. O-O c6 8.
Bd3 Nxd3 9. cxd3 Nf6 10. h3 Bd6 11. Bg5 O-O 12. Nc3 Qe7 13. Re1 Be5 14. Nf5 Qe6
15. Nd4 Bh2+ 16. Kxh2 Qd6+ 17. Kg1 Qxd4 18. Be3 Qb4 19. a3 Qxb2 20. Bd4 d5 21.
Rb1 Qxa3 22. Rb3 Qa5 23. Qa1 Qxa1 24. Rxa1 Bf5 25. Bc5 Rfe8 26. d4 Ne4 27. Ne2
Nxc5 28. dxc5 Rxe2 29. Rf3 Be4 30. Rg3 h6 31. Kf1 Rc2 32. f3 Bd3+ 33. Kg1 Re8
34. f4 Ree2 35. Rxd3 Rxg2+ 36. Kf1 Rcf2+ 37. Ke1 Rxf4 38. Rd2 Re4+ 39. Kd1 Rg1+
40. Kc2 Rxa1 41. Kb2 Rea4 42. h4 R4a2+ 43. Kb3 Rxd2 44. Kb4 Rdd1 45. Kc3 Rac1+
46. Kb3 Rg1 47. Ka4 b5+ 48. Kb4 Rc4+ 49. Ka5 Ra1# 0-1

[Event "SR 5. liga SE-SI 2013/2014"]
[Site "?"]
[Date "2013.11.30"]
[Round "4.3"]
[White "Mysicka, Miroslav"]
[Black "Brunovsky, Peter"]
[Result "1/2-1/2"]
[WhiteElo "1853"]
[BlackElo "1829"]
[PlyCount "58"]
[EventDate "2013.??.??"]

1. e4 c6 2. d4 d5 3. Nc3 dxe4 4. Nxe4 Nf6 5. Nxf6+ gxf6 6. Bc4 Bf5 7. Be3 e6 8.
Ne2 Bd6 9. Ng3 Bg6 10. c3 Nd7 11. Qd2 Qc7 12. O-O-O O-O-O 13. Rhf1 Nb6 14. Bd3
Kb8 15. f4 Bxd3 16. Qxd3 f5 17. Nh1 Nd5 18. g3 Nf6 19. Nf2 h5 20. Qc2 Ng4 21.
Nxg4 hxg4 22. Bg1 Be7 23. Qa4 b5 24. Qb3 Qd6 25. a4 Qd5 26. Qc2 Rd7 27. axb5
cxb5 28. Rfe1 Bd6 29. Kd2 Rc8 1/2-1/2

[Event "SR 5. liga SE-SI 2013/2014"]
[Site "?"]
[Date "2013.11.30"]
[Round "4.3"]
[White "Zajicek, Ferdinand"]
[Black "Sukopcak, Miroslav"]
[Result "1-0"]
[WhiteElo "1823"]
[BlackElo "1668"]
[PlyCount "105"]
[EventDate "2013.??.??"]

1. e4 c5 2. Nf3 d6 3. Nc3 a6 4. a3 Nc6 5. Bc4 e6 6. d3 Be7 7. O-O Nf6 8. h3 h6
9. Ne2 b5 10. Ba2 O-O 11. Bd2 b4 12. axb4 cxb4 13. Ng3 a5 14. Re1 e5 15. Nh2
Bd7 16. Rf1 Qc8 17. f4 exf4 18. Rxf4 Be6 19. Nh5 Nxh5 20. Qxh5 Bxa2 21. Rxa2
Bg5 22. Rf2 Bxd2 23. Rxd2 Qe6 24. b3 Qe5 25. Qd1 f5 26. Nf3 Qg3 27. Rf2 Rf6 28.
Qd2 Raf8 29. c4 Rg6 30. Kh1 Kh8 31. Qe3 f4 32. Qb6 Ne5 33. Nxe5 dxe5 34. Qxa5
Qxd3 35. Qxb4 Qxe4 36. Qxf8+ Kh7 37. Rae2 Qb1+ 38. Kh2 Qxb3 39. Rxe5 Qg3+ 40.
Kg1 Qxh3 41. Qxf4 Qd7 42. Rd5 Qa7 43. Qc1 Qb7 44. Rdf5 Qe4 45. c5 Qc6 46. Qc2
Kh8 47. Rf8+ Kh7 48. R8f4 Kh8 49. Rd4 Qe6 50. Qe4 Qa6 51. Rd8+ Kh7 52. Rd6 Qa1+
53. Kh2 1-0

[Event "SR 5. liga SE-SI 2013/2014"]
[Site "?"]
[Date "2013.11.30"]
[Round "4.3"]
[White "Lauko, Tomas"]
[Black "Kastler, Peter"]
[Result "1-0"]
[WhiteElo "1421"]
[BlackElo "1710"]
[PlyCount "55"]
[EventDate "2013.??.??"]

1. e4 e6 2. Nf3 d5 3. e5 c5 4. d4 Nc6 5. c3 Nge7 6. Bg5 Qb6 7. b3 Nf5 8. Bd3
cxd4 9. Bxf5 exf5 10. O-O Be6 11. cxd4 Rc8 12. Nc3 Nxe5 13. Nxd5 Nxf3+ 14. Qxf3
Qxd4 15. Rad1 Qc5 16. Rfe1 f4 17. Nxf4 Qxg5 18. Nxe6 fxe6 19. Qxb7 Qc5 20.
Rxe6+ Be7 21. Rxe7+ Qxe7 22. Qxc8+ Kf7 23. Qxh8 Qe2 24. Qd8 Qxa2 25. h3 Qc2 26.
Qd7+ Kg6 27. Rd6+ Kh5 28. g4+ 1-0

[Event "SR 5. liga SE-SI 2013/2014"]
[Site "?"]
[Date "2013.11.30"]
[Round "4.3"]
[White "Papanek, Lubomir"]
[Black "Rehak, Miroslav"]
[Result "1-0"]
[WhiteElo "1635"]
[BlackElo "1438"]
[PlyCount "151"]
[EventDate "2013.??.??"]

1. d4 d5 2. c4 dxc4 3. e4 e6 4. Bxc4 c6 5. Nf3 Nf6 6. Nc3 Nbd7 7. O-O Nb6 8.
Bb3 Be7 9. Bg5 O-O 10. h3 Re8 11. Re1 g6 12. Qe2 Nh5 13. Bxe7 Qxe7 14. e5 c5
15. dxc5 Qxc5 16. Ne4 Qe7 17. Qe3 Nd7 18. g4 f5 19. gxh5 fxe4 20. Qxe4 Nc5 21.
Qg4 Qg7 22. hxg6 Nxb3 23. axb3 Qxg6 24. Kh2 Qxg4 25. hxg4 h6 26. Kg3 Bd7 27.
Nd4 a6 28. Rac1 Rac8 29. Rc3 Kg7 30. Rec1 Rxc3+ 31. bxc3 b5 32. b4 Ra8 33. Ra1
Kg6 34. f4 Rc8 35. Ne2 Ra8 36. Kf2 Bc6 37. f5+ exf5 38. gxf5+ Kf7 39. Ke3 Bd5
40. Rd1 Bc4 41. Nf4 a5 42. Rd7+ Ke8 43. Rh7 Ra6 44. bxa5 Rxa5 45. Rxh6 Ba2 46.
Rh8+ Kf7 47. Ng6 Kg7 48. Rd8 Ra7 49. Nf4 Bb1 50. f6+ Kf7 51. Rb8 Bf5 52. Rxb5
Rc7 53. Kd4 Bg4 54. Rc5 Rd7+ 55. Rd5 Rc7 56. Rc5 Rd7+ 57. Ke3 Rb7 58. Rc4 Bf5
59. Rd4 Rb3 60. Rc4 Rb7 61. Kd4 Bc2 62. Nd5 Ke6 63. Rc6+ Kf7 64. Rc7+ Rxc7 65.
Nxc7 Bf5 66. c4 Bh3 67. c5 Bc8 68. Kd5 Bh3 69. Kd6 Bg4 70. c6 Bh3 71. Nd5 Bg4
72. c7 Bh3 73. Nb6 Be6 74. c8=Q Bxc8 75. Nxc8 Ke8 76. e6 1-0

[Event "SR 5. liga SE-SI 2013/2014"]
[Site "?"]
[Date "2013.11.30"]
[Round "4.3"]
[White "Drozd, Jan"]
[Black "Mraz, Jan"]
[Result "1/2-1/2"]
[WhiteElo "1574"]
[BlackElo "1000"]
[PlyCount "59"]
[EventDate "2013.??.??"]

1. d4 e6 2. c4 d5 3. Nc3 dxc4 4. e3 b6 5. Bxc4 Bb7 6. Nf3 Nd7 7. O-O Ne7 8. Re1
Nf6 9. e4 Ng6 10. Bg5 Be7 11. Qa4+ Nd7 12. Bxe7 Nxe7 13. Rad1 c6 14. Qc2 O-O
15. Bd3 Ng6 16. e5 c5 17. Be4 Qc7 18. Bxb7 Qxb7 19. d5 Rad8 20. d6 h6 21. Re4
f5 22. exf6 Rxf6 23. Rg4 Nde5 24. Nxe5 Nxe5 25. Rg3 Rdf8 26. Ne4 Rf4 27. f3 Qf7
28. Qc3 Nd7 29. a3 e5 30. b4 1/2-1/2

[Event "SR 5. liga SE-SI 2013/2014"]
[Site "?"]
[Date "2013.11.30"]
[Round "4.4"]
[White "Ocko, Martin"]
[Black "Jarabek, Milan"]
[Result "0-1"]
[WhiteElo "1736"]
[BlackElo "1744"]
[PlyCount "80"]
[EventDate "2013.??.??"]

1. Nf3 Nf6 2. g3 g6 3. Bg2 Bg7 4. O-O O-O 5. d4 d5 6. c4 c6 7. Nc3 Bg4 8. cxd5
cxd5 9. Qb3 Qd7 10. Ne5 Qc8 11. Nxd5 Nxd5 12. Bxd5 Nc6 13. Nxf7 e6 14. Bxc6
Qxc6 15. Ne5 Bxe5 16. dxe5 Bh3 17. f3 Bxf1 18. Kxf1 Rfd8 19. Bf4 Rac8 20. Bg5
Rd5 21. Bf6 Qc2 22. Qxb7 Qc7 23. Qa6 Qd7 24. Kf2 Rc2 25. b3 Rdd2 26. Re1 Rxa2
27. Qc4 Rac2 28. Qb4 Qd4+ 29. Qxd4 Rxd4 30. Be7 Ra2 31. b4 Rdd2 32. h4 Kf7 33.
Bd6 Ke8 34. Bc5 Kd7 35. Bd6 Kc6 36. Bc5 a5 37. Bd6 a4 38. g4 a3 39. Bc5 Kd5 40.
Ke3 Rxe2+ 0-1